000 00616nam a22001817a 4500
999 _c192189
_d192189
005 20220913144743.0
010 _aENG-135057
020 _a9789351952282
_c399.00
035 _aEN-118589
037 _bDBAD/PUB
082 _a791.4
100 _aChaudhuri, Diptakirti
245 _aBioscope:
_bA Frivolous History of Bollywood in Ten Chapters/
_cDiptakirti Chaudhuri
260 _aGurgaon
_bHachette Book Publishing India Pvt Ltd
_c2018
270 _a4th/8th Floors, Corporate Centre Plot No. 94, Sector 44
_bGurgaon
_e122003
300 _aviii, 222p.
_c20cm(pbk)
942 _2ddc
_cEN
_h791.4
_mCHA